|
|
|
|
| LEADER |
00000nam a2200000 a 4500 |
| 001 |
vtls001393032 |
| 003 |
SK-MaSNL |
| 005 |
20260302001000.0 |
| 008 |
251113s1993 xo ap r 0yy slo |
| 015 |
|
|
|a SNBA2000/10-03622
|
| 020 |
|
|
|a 8022802263
|c 14,00 Sk
|
| 035 |
|
|
|a SNK000347339
|
| 035 |
|
|
|a urn:nbn:sk:snk-amklfo
|
| 035 |
|
|
|a urn:nbn:sk:snk-am003vi9
|
| 035 |
|
|
|a F340AD73-438A-4414-8943-1063F04FB91E
|
| 040 |
|
|
|a SNK
|b slo
|c SNK
|e AACR2
|
| 041 |
0 |
|
|a slo
|
| 044 |
|
|
|a xo
|c SK
|
| 080 |
|
|
|a 630*3
|2 1981
|
| 100 |
1 |
|
|a Lukáč, Tibor,
|d 1945-2005
|4 aut
|9 111415
|
| 245 |
1 |
0 |
|a Sústreďovanie dreva v horách
|n (1
|p Princíp statického výpočtu kotvenia stožiarov lanových zariadení)
|c Tibor Lukáč
|
| 260 |
|
|
|a Vo Zvolene
|b Technická univerzita
|c 1993
|
| 300 |
|
|
|a 63 s.
|b sch., tab.
|c 21 cm
|
| 490 |
1 |
|
|a Vedecké a pedagogické aktuality
|v 1992/8
|
| 500 |
|
|
|a 100 výt.
|
| 504 |
|
|
|a Bibliogr. s. 54-56. Res. rus., angl. a nem.
|
| 650 |
0 |
7 |
|a drevo
|x sústreďovanie
|x zariadenia lanové
|2 SNK
|9 636294
|
| 655 |
|
7 |
|a príručky
|2 SNK
|9 74364
|
| 830 |
|
0 |
|a Vedecké a pedagogické aktuality
|9 277889
|
| 919 |
|
|
|a 80-228-0226-3
|
| 958 |
|
|
|a TL
|
| 958 |
|
|
|a NB
|
| 999 |
|
|
|c 981997
|d 983927
|
| 952 |
|
|
|t P60, <03>, [BOOK], {603}
|a SNK
|b SNK
|y PREZ
|7 0
|p 17A0246640
|o snkSC 102204
|i snkKSP 7310/2000
|0 0
|1 0
|4 0
|d 2000-07-24
|f 1
|l 0
|r 2025-09-23 00:00:00
|w 2026-02-24
|
| 952 |
|
|
|t P60, <04>, [BOOK], {604}
|a SNK
|b SNK
|y VYP
|7 0
|p 17A0246641
|o snkSC 102204 D1
|i snkKSP 7311/2000
|0 0
|1 0
|4 0
|d 2000-07-24
|l 0
|r 2005-01-02 00:00:00
|w 2026-02-24
|